00000000nas 2200000zi 4500
0019.942655
003CaOODSP
00520250217140154
006m     o  d f      
007cr |||||||||||
008240830d19721988oncar p o    f0###a0eng|d
040 |aCaOODSP|beng|erda|cCaOODSP
043 |an-cn---
0861 |aST1E-PDF
1101 |aCanada. |bMinistry of State, Science and Technology, |eauthor, |eissuing body.
24510|aAnnual report ...
264 1|a[Ottawa] : |bMinistry of State, Science and Technology, |c1973-1989.
310 |aAnnual
336 |atext|btxt|2rdacontent
337 |acomputer|bc|2rdamedia
338 |aonline resource|bcr|2rdacarrier
3621 |aBegan with 1971/72; ceased with 1987/88.
500 |aIssued also in French under title: Rapport annuel ...
500 |aDigitized edition from print [produced by Innovation, Science and Economic Development Canada].
515 |aReport year ends March 31.
546 |aText in English and French for 1972/73, 1973/74, and 1974/75.
580 |aMerged with: Canada. Department of Regional Industrial Expansion. DRIE annual report, to become: DRIE and MOSST annual report.
61010|aCanada. |bMinistry of State, Science and Technology |vPeriodicals.
650 0|aScience|zCanada|vPeriodicals.
650 0|aTechnology and state|zCanada|vPeriodicals.
655 7|aPeriodicals|2lcgft
77508|tRapport annuel ...|w(CaOODSP)9.942658
78500|tDRIE and MOSST annual report.|w(CaOODSP)9.872124